000 00608nam a2200241Ia 4500
003 OSt
005 20220912151544.0
006 a|||||r|||| 00| 0
007 ta
008 220909b |||||||| |||| 00| 0 eng d
024 _a50613
037 _cTextual
040 _aCSL
_beng
_cCSL
041 _aeng
082 _aF:(G), M8
100 _aAiba Shuichi Ed.
245 0 _aHorizons of biochemical engineering
260 _aOxford
_bOUP
_c1988
300 _a374p.
_ccm.
650 _aChemical Technology
942 _hF:(G), M8
_cTEXL
_2CC
999 _c71225
_d71225